Gałąź rodu Szada-Borzyszkowskich osiadłych w rodzinnej wsi Borzyszkowy
| Titel: | Gałąź rodu Szada-Borzyszkowskich osiadłych w rodzinnej wsi Borzyszkowy |
|---|---|
| Verfasser: | |
| In: |
Borzyszkowy i Borzyszkowscy ; 6. Tuchomie, (1999), Seite 127-139 alle Artikel anzeigen |
| Veröffentlicht: | 1999 |
| Format: | Aufsatz |
| Sprache: | Polnisch |
X
alg: 39351555 001A $01999:12-11-16 001B $01999:22-05-21 $t21:59:07.000 001D $01999:12-11-16 001U $0utf8 001X $00 002@ $0Aox 003@ $0393515559 007A $0393515559 $aHEB 007T $0Herdt13672 010@ $apol 011@ $a1999 021A $aGałąź rodu Szada-Borzyszkowskich osiadłych w rodzinnej wsi Borzyszkowy 027A $aDer Zweig des Geschlechts Szada-Borzyszkowski angesiedelt im Heimatdorf Borczyskowo 028A $aBorzyszkowski-Szada $dHieronim 031A $h127-139 $j1999 039B $aIn $8--Afu--. Borzyszkowy i Borzyszkowscy ; 6. Tuchomie. - Gdańsk, 1999. - 374 S.. - Ill.. - ISBN 83-87258-25-3 $x199900000000000873 $9089573560 045F $a929.094382 $eDDC23BSB 045F/01 $a929 045F/03 $g4382 045F/03 $g43832 046C $aDer Zweig des Geschlechts Szada-Borzyszkowski angesiedelt im Heimatdorf Borczyskowo $bÜbers. des Hauptsacht. lok: 39351555 78 exp: 39351555 78 1 #EPN 201B/01 $018-11-16 $t09:03:39.000 201U/01 $0utf8 203@/01 $0789625997 208@/01 $a12-11-16 $be 209A/01 $a/ $f000 $x00 220C/01 $aTitelaufnehmer: uz;gk 220C/01 $aHerkunft: UMK/BU Toruń 244Z/01 $2Trx $#Prusy Wschodnie i Zachodnie $8--Trx--Ost- und Westpreußen $x01 $939113373X 244Z/01 $2Trx $#Borczyskowo Konitz $#Bergfried* $8--Trx--Borzyszkowy$gChojnice $x02 $9391256343 244Z/01 $2Trx $8--Trx--$PSzada-Borzyszkowski$lBorzyszkowy, Familie $x03 $9390886068 244Z/01 $2Trx $#perekonnad ja sugupõlved $#giminės ir šeimos $#Families and Noble Houses $#családok és nemek $#rody i rodziny $#rodiny a rody $#rodiny a rody $#Geschlechter $#Noble Houses $#rody $#rody $#rody $8--Trx--Familien und Geschlechter $x04 $9391371916 244Z/01 $2Trx $#kašuubid $#kašubai $#kaschubs $#kasubok $#Kaszubi $#Kašubovia $#Kašubové $#Kabatker $#Kabatkowie $8--Trx--Kaschuben $x05 $9391361384 244Z/01 $2Trx $8--Trx--Einzelbeiträge $x06 $9391384570 245Z/01 $a12.02 $x01 247C/01 $82080>Marburg/Lahn, Herder-Institut, Forschungsbibliothek, Bibliographieportal $9336309341
| LEADER | 00000caa a22000002c 4500 | ||
|---|---|---|---|
| 001 | 393515559 | ||
| 003 | DE-603 | ||
| 005 | 20210522215907.0 | ||
| 007 | tu | ||
| 008 | 161112s1999 xx |||| | u00||u|pol c | ||
| 035 | |a (DE-599)HEB393515559 | ||
| 040 | |a DE-603 |b ger |c DE-603 |d DE-603 | ||
| 041 | |a pol | ||
| 082 | 0 | 4 | |8 1\u |a 929.094382 |q DE-101 |2 23/BSB |
| 085 | |8 1\u |b 929 | ||
| 085 | |8 1\u |z 2 |s 4382 | ||
| 085 | |8 1\u |z 2 |s 43832 | ||
| 100 | 1 | |a Borzyszkowski-Szada, Hieronim | |
| 245 | 0 | 0 | |a Gałąź rodu Szada-Borzyszkowskich osiadłych w rodzinnej wsi Borzyszkowy |
| 246 | 1 | |i Übers. des Hauptsacht. |a Der Zweig des Geschlechts Szada-Borzyszkowski angesiedelt im Heimatdorf Borczyskowo | |
| 246 | 1 | 3 | |a Der Zweig des Geschlechts Szada-Borzyszkowski angesiedelt im Heimatdorf Borczyskowo |
| 264 | 0 | |c 1999 | |
| 773 | 0 | 8 | |i In |t Borzyszkowy i Borzyszkowscy ; 6. Tuchomie |d Gdańsk, 1999 |h 374 S., Ill. |z 8387258253 |g (1999), Seite 127-139 |w (DE-603)089573560 |
| 924 | 0 | |9 2080 |a (DE-603)789625997 |b DE-2080 |c HES |d d |g / | |


